000 00524nam a2200181Ia 4500
008 100917s9999 xx 000 0 und d
082 _b30147
100 _aचंदनमल चाँद
245 _aकंचन और कसोटी
260 _bसंजय प्रकाशन
_c1975
300 _a101
365 _b3.8
520 _aहिन्दी
630 _aकंचन और कसोटी
650 _aहिन्दी
730 _aकंचन और कसोटी
942 _cBOOK
999 _c635541
_d635538